Tolkien Region Spotlight - Arnor - Statistics

General Stats
  • This quiz has been taken 83 times
  • The average score is 16 of 22
Answer Stats
Answer % Correct
Gondor
98%
Elendil
96%
Aragorn II Elessar
89%
Bree
89%
Amon Sul
86%
Fornost
86%
Witch-king of Angmar
84%
{Rangers} of the North
82%
Arthedain
79%
Cardolan
75%
Rhudaur
75%
Annuminas
74%
Barrow-downs
74%
The Shire
74%
Arvedui
72%
Barrow-wights
70%
Earnur
65%
Great Plague
65%
Valandil
61%
Lake Evendim
60%
Lossoth
51%
Earendur
28%
No matching quizzes found
Score Distribution
Percent of People with Each Score
Percentile by Number Answered
Your Score History
You have not taken this quiz